A contract administrator's duty (Record no. 77089)
[ view plain ]
| 000 -LEADER | |
|---|---|
| fixed length control field | 01305cab a2200229 4500 |
| 001 - CONTROL NUMBER | |
| control field | ##L133573 |
| 008 - FIXED-LENGTH DATA ELEMENTS--GENERAL INFORMATION | |
| fixed length control field | 060519n2006 000 0 eng u |
| 035 ## - SYSTEM CONTROL NUMBER | |
| System control number | (Sirsi) u133573 |
| 041 0# - LANGUAGE CODE | |
| Language code of text/sound track or separate title | eng |
| 100 1# - MAIN ENTRY--PERSONAL NAME | |
| Personal name | Patterson, Lindy |
| 245 02 - TITLE STATEMENT | |
| Title | A contract administrator's duty |
| 260 ## - PUBLICATION, DISTRIBUTION, ETC. | |
| Date of publication, distribution, etc. | 2006 |
| 490 #0 - SERIES STATEMENT | |
| Series statement | Construction News |
| Volume/sequential designation | (6967) 18 May 2006, 15(1) |
| 520 ## - SUMMARY, ETC. | |
| Summary, etc. | Examines the role of the contract administrator, who, although appointed and paid by the employer under a building contract, is expected to act as an independent decision-maker. If a contractor is unhappy with the contract administrator's decision, he generally has to rely on the dispute-resolution procedures in the building contract. An application to the court can generally only be made on the grounds of bad faith or excess of power by the contract administrator, although it can sometimes be possible to sue the employer for breach of contract, as being liable for the contract administrator's faults. |
| 590 ## - LOCAL NOTE (RLIN) | |
| Local note | IKA230506 |
| 650 24 - SUBJECT ADDED ENTRY--TOPICAL TERM | |
| Topical term or geographic name entry element | SUTCLIFFE V THACKRAH |
| 650 24 - SUBJECT ADDED ENTRY--TOPICAL TERM | |
| Topical term or geographic name entry element | COSTAIN LTD AND OTHERS V BECHTEL LTD |
| 650 24 - SUBJECT ADDED ENTRY--TOPICAL TERM | |
| Topical term or geographic name entry element | SCHELDEBOUW BV V ST JAMES HOMES (GROSVENOR DOCK) LTD |
| 651 #4 - SUBJECT ADDED ENTRY--GEOGRAPHIC NAME | |
| Geographic name | England and Wales |
| Chronological subdivision | 1543- |
| 690 ## - LOCAL SUBJECT ADDED ENTRY--TOPICAL TERM (OCLC, RLIN) | |
| Topical term or geographic name as entry element | BUILT ENVIRONMENT-CONSTRUCTION MANAGEMENT-BUILDING CONTRACT ADMINISTRATION |
| 942 ## - ADDED ENTRY ELEMENTS (KOHA) | |
| Suppress in OPAC | 0 |
| Withdrawn status | Lost status | Source of classification or shelving scheme | Damaged status | Not for loan | Home library | Current library | Shelving location | Date acquired | Total Checkouts | Full call number | Barcode | Date last seen | Copy number | Price effective from | Koha item type |
|---|---|---|---|---|---|---|---|---|---|---|---|---|---|---|---|
| Dewey Decimal Classification | London | London | Journal article | 19/05/2006 | L133573 | 133573-1001 | 06/08/2019 | 1 | 06/08/2019 | Journal article |